Statistics for Beginning with the letter "H"

Click here to take the quiz!

General Stats

  • This quiz has been taken 25 times
  • The average score is 9 of 15

Answer Stats

HintAnswer% Correct
Location of the dropping of the first atomic bomb on JapanHiroshima
100%
Tyoe of gas used for buoyancy on that craftHydrogen
91%
This part of China was leased to the UK until 1997Hong Kong
91%
Mammal in Africa known as "laughing"Hyena
91%
Well-known city in VietnamHanoi
87%
Vantaa Airport is located in this Nordic cityHelsinki
87%
Famous Carthaginian General who used elephantsHannibal
78%
Island on which that is locatedHonshu
70%
Airship that crashed in Lakehurst, NJ in 1937Hindenburg
61%
Group of volcanic U.S. islands in OceaniaHawaii
57%
Code of Law used in Mesopotamia in the 2nd Century B.C.Hammurabi
35%
North London prep school famous among the well to-doHarrow
9%
Japanese made truckHino
4%
Current that flows from Southern Chile to Northern PeruHumboldt
0%
An axe-blade with a pointed spike mounted on a poleHalberd
0%

Score Distribution

Percentile by Number Answered

Percent of People with Each Score

Your Score History

You have not taken this quiz